000 00538nam a2200193Ia 4500
005 20250115033548.0
008 240331s9999 xx 000 0 und d
020 _a9068327283
082 _bGEN
_21954
_a305.3
100 _aGender, Society & Development
245 0 _aGender and ICT's for Development:
_bA Global Sourcebook
260 _aAmsterdam
_bKIT (Royal Tropical Institute)
_c2005
260 _aOxford
_bOxfam Publishing
_c2005
300 _a143 p.,
650 _aGender
650 _aDevelopment
650 _aWomen
942 _cL
999 _c1571
_d1571